Launching New Ventures: an Entrepreneurial approach (Record no. 12646)

MARC details
000 -LEADER
fixed length control field 00388nam a22001577a 4500
003 - CONTROL NUMBER IDENTIFIER
control field OSt
008 - FIXED-LENGTH DATA ELEMENTS--GENERAL INFORMATION
fixed length control field 240507b |||||||| |||| 00| 0 eng d
020 ## - INTERNATIONAL STANDARD BOOK NUMBER
International Standard Book Number 9789355738813
082 ## - DEWEY DECIMAL CLASSIFICATION NUMBER
Classification number 658.11 ALL
100 ## - MAIN ENTRY--PERSONAL NAME
Personal name ALLEN, Kathleen.R
245 ## - TITLE STATEMENT
Title Launching New Ventures: an Entrepreneurial approach
250 ## - EDITION STATEMENT
Edition statement 8th
260 ## - PUBLICATION, DISTRIBUTION, ETC. (IMPRINT)
Place of publication, distribution, etc Delhi
Name of publisher, distributor, etc Cengage
Date of publication, distribution, etc 2023
300 ## - PHYSICAL DESCRIPTION
Extent xix,380
942 ## - ADDED ENTRY ELEMENTS (KOHA)
Source of classification or shelving scheme Dewey Decimal Classification
Koha item type Text Books
Holdings
Withdrawn status Lost status Source of classification or shelving scheme Damaged status Not for loan Collection code Home library Current library Date acquired Source of acquisition Currency Cost, normal purchase price Bill Number Total Checkouts Full call number Acc. no. / Barcode Date last seen Actual Cost, discounted price Bill Date Koha item type Date last borrowed Checked out
    Dewey Decimal Classification     MBA PIET C-LIBRARY PIET C-LIBRARY 23/03/2024 Zaffa Books Rupees 699.00 ZBDO463   658.11 ALL 36705 07/05/2024 503.28 23/03/2024 Reference Books    
    Dewey Decimal Classification     MBA PIET C-LIBRARY PIET C-LIBRARY 23/03/2024 Zaffa Books Rupees 699.00 ZBDO463   658.11 ALL 36706 07/05/2024 503.28 23/03/2024 Text Books    
    Dewey Decimal Classification     MBA PIET C-LIBRARY PIET C-LIBRARY 23/03/2024 Zaffa Books Rupees 699.00 ZBDO463 1 658.11 ALL 36707 18/02/2025 503.28 23/03/2024 Text Books 21/01/2025  
    Dewey Decimal Classification     MBA PIET C-LIBRARY PIET C-LIBRARY 23/03/2024 Zaffa Books Rupees 699.00 ZBDO463 1 658.11 ALL 36708 29/01/2025 503.28 23/03/2024 Text Books 29/01/2025 18/08/2025
    Dewey Decimal Classification     MBA PIET C-LIBRARY PIET C-LIBRARY 23/03/2024 Zaffa Books Rupees 699.00 ZBDO463 1 658.11 ALL 36709 24/02/2025 503.28 23/03/2024 Text Books 13/02/2025  

Design & Developed by: PIET Central Library
R70 Miles Stone Pattikalyana Samalkha Panipat 132102
mail ID :- [email protected], Phone No:- 0180-2569700 Ex.216